000 00277nam a2200109Ia 4500
008 200302s9999 xx 000 0 und d
100 _aJames Grayson Trulove
245 _aTen Landscapes Mario Schjetnan
260 _bRockport Publishers Inc.
260 _c2002
300 _a121 P.,
999 _c1966
_d1966